00594cam a2200181u 4500001001300000003000400013005001700017008004100034010001700075040001900092050002800111100002300139245006000162260007200222300004800294600005300342999001700395ne 67000800 DLC20260227111831.0841025s1944 xx ach 000 0bper  ane 67000800  aDLCcCarPdDLC00aDS307b.M3 (Orien Pers)1 aMakkī, Ḥusayn.10aZindagānī-i Mīrzā Taqī Khān Amīr Kabīr. a[Tihrān]bKitābfurūshī Muḥammad ʻAlī ʻIlmī,c[1944] a6, 413 p.billus., facsims., ports.c22 cm.10aAmīr Kabīr, Mīrzā Taqī Khān,d-1852. c49558d49558